[Event "26th Chicago Open"]
[Site "Wheeling, IL"]
[Date "2017.05.29"]
[Round "8.5"]
[White "Shabalov, Alexander"]
[Black "Liang, Awonder"]
[Result "1/2-1/2"]
[WhiteElo "2556"]
[BlackElo "2488"]
[PlyCount "51"]
[EventDate "2017.05.??"]
[EventType "swiss"]
[EventRounds "9"]
[EventCountry "USA"]

1. d4 Nf6 2. c4 g6 3. Nc3 d5 4. cxd5 Nxd5 5. e4 Nxc3 6. bxc3 Bg7 7. Bc4 c5 8.
Ne2 O-O 9. Be3 Nc6 10. h4 cxd4 11. cxd4 Qa5+ 12. Kf1 Bg4 13. f3 Qa3 14. Kf2 Na5
15. Bd5 Bd7 16. h5 e6 17. Bb3 Nxb3 18. axb3 Qb2 19. hxg6 fxg6 20. Qc1 Qxc1 21.
Rhxc1 Bc6 22. Kg3 a6 23. Nf4 Rfe8 24. Rd1 Rad8 25. Kf2 Rd6 26. Ne2 1/2-1/2

[Event "26th Chicago Open"]
[Site "Wheeling, IL"]
[Date "2017.05.29"]
[Round "8.6"]
[White "Harmon-Vellotti, Luke"]
[Black "Popilski, Gil"]
[Result "1-0"]
[WhiteElo "2449"]
[BlackElo "2544"]
[PlyCount "97"]
[EventDate "2017.05.??"]
[EventType "swiss"]
[EventRounds "9"]
[EventCountry "USA"]

1. e4 c5 2. Nf3 d6 3. d4 cxd4 4. Nxd4 Nf6 5. Nc3 a6 6. Be3 Nc6 7. f3 e6 8. Qd2
Be7 9. O-O-O O-O 10. g4 Nd7 11. Kb1 Nde5 12. Qg2 b5 13. Nxc6 Nxc6 14. g5 Qa5
15. h4 b4 16. Ne2 d5 17. exd5 Rd8 18. g6 hxg6 19. Nf4 b3 20. cxb3 exd5 21. Bd2
Bf5+ 22. Bd3 Nb4 23. Bxb4 Qxb4 24. Ne2 Bxd3+ 25. Rxd3 Rac8 26. Nc3 d4 27. Ne4
a5 28. Rhd1 Bxh4 29. f4 Qe7 30. Rh1 Re8 31. Rxd4 Rcd8 32. Ra4 Rd3 33. Nc3 Re3
34. a3 Qd8 35. Rc4 Bf6 36. Nd5 Rxb3 37. Nxf6+ gxf6 38. Qh2 Qd3+ 39. Ka1 Rxa3+
40. bxa3 Qxa3+ 41. Qa2 Qf3 42. Rhc1 Re3 43. Ra4 Kg7 44. Qc4 Re2 45. Rxa5 Re4
46. Qc5 Rxf4 47. Ra7 g5 48. Qc3 Qg2 49. Qb3 1-0

[Event "26th Chicago Open"]
[Site "Wheeling, IL"]
[Date "2017.05.29"]
[Round "8.9"]
[White "Larson, Matthew"]
[Black "Stukopin, Andrey"]
[Result "0-1"]
[WhiteElo "2367"]
[BlackElo "2586"]
[Annotator "Hater,David"]
[PlyCount "74"]
[EventDate "2017.05.??"]
[EventType "swiss"]
[EventRounds "9"]
[EventCountry "USA"]
[TimeControl "40/2:0"]

1. d4 Nf6 2. c4 e6 3. Nc3 Bb4 4. f3 O-O 5. a3 Bxc3+ 6. bxc3 Nh5 7. Nh3 f5 8.
Bg5 Qe8 9. g4 fxg4 10. fxg4 Nf6 11. Bxf6 Rxf6 12. Bg2 Nc6 13. Qd3 d6 14. Be4 h6
15. g5 hxg5 16. Nxg5 Qh5 17. h4 Bd7 18. O-O-O Qh6 19. Kb1 Ne7 20. Rdg1 Nf5 21.
Ka1 c6 22. Bf3 d5 23. e4 Ne7 24. Bg4 Raf8 25. Qh3 dxe4 26. Nxe4 Rf4 27. Nc5 Rf2
28. Bxe6+ Kh8 29. Qg4 R8f3 30. Bxd7 Rxc3 31. Kb1 Rb2+ 32. Kxb2 Qd2+ 33. Ka1
Rxa3+ 34. Kb1 Qb4+ 35. Kc2 Qc3+ 36. Kd1 Ra1+ 37. Ke2 Ra2+ 0-1

[Event "26th Chicago Open"]
[Site "Wheeling, IL"]
[Date "2017.05.29"]
[Round "8.10"]
[White "Grabinsky, Aaron"]
[Black "Hernandez, Holden"]
[Result "1-0"]
[WhiteElo "2351"]
[BlackElo "2510"]
[PlyCount "89"]
[EventDate "2017.05.??"]
[EventType "swiss"]
[EventRounds "9"]
[EventCountry "USA"]

1. d4 Nf6 2. Bf4 e6 3. e3 c5 4. Nf3 d5 5. c3 Nc6 6. Nbd2 Bd6 7. Bg3 O-O 8. Bd3
b6 9. Qe2 Re8 10. Ne5 Bxe5 11. dxe5 Nd7 12. f4 a5 13. c4 Nb4 14. Bb1 a4 15. a3
Nc6 16. O-O Nf8 17. Bd3 Ba6 18. Rac1 Qc8 19. Bh4 Ng6 20. Bg3 Na5 21. e4 dxc4
22. Nxc4 Nxc4 23. Bxc4 Bxc4 24. Qxc4 Qc6 25. Rfd1 Rad8 26. f5 b5 27. Qf1 Nf8
28. f6 Qxe4 29. fxg7 Ng6 30. Qxb5 h5 31. Re1 Qd4+ 32. Bf2 Qg4 33. Qe2 Qxe2 34.
Rxe2 Rd5 35. Rc4 Nxe5 36. Rxc5 Rxc5 37. Bxc5 f6 38. Bd6 Ng6 39. Re4 Kxg7 40.
Rxa4 Rc8 41. Ra7+ Kh6 42. Rc7 Ra8 43. Rc3 Ra6 44. Bc5 e5 45. b4 1-0

[Event "26th Chicago Open"]
[Site "Wheeling, IL"]
[Date "2017.05.29"]
[Round "8.11"]
[White "Perez, Robert"]
[Black "Vazquez, Guillermo"]
[Result "1/2-1/2"]
[WhiteElo "2365"]
[BlackElo "2443"]
[PlyCount "86"]
[EventDate "2017.05.??"]
[EventType "swiss"]
[EventRounds "9"]
[EventCountry "USA"]

1. c4 Nf6 2. Nf3 e6 3. g3 a6 4. Bg2 b5 5. b3 c5 6. O-O Bb7 7. Nc3 Qb6 8. e3 Be7
9. d4 cxd4 10. exd4 O-O 11. d5 Rc8 12. Qd3 exd5 13. Nxd5 Nxd5 14. cxd5 Qg6 15.
Qxg6 hxg6 16. Nd4 Bf6 17. Be3 Bxd4 18. Bxd4 a5 19. a4 bxa4 20. Rxa4 d6 21. Rfa1
Nd7 22. h4 Nc5 23. Bxc5 dxc5 24. Rxa5 Rxa5 25. Rxa5 c4 26. bxc4 Rxc4 27. Rb5
Bc8 28. Rb8 Kh7 29. Kf1 Bg4 30. Ke1 Rd4 31. Rb1 Kh6 32. Ra1 Rd3 33. Be4 Rd4 34.
Bg2 Rd3 35. f3 Bxf3 36. Bxf3 Rxf3 37. d6 Re3+ 38. Kd2 Re8 39. Ra5 Rd8 40. Rd5
f5 41. g4 g5 42. hxg5+ Kxg5 43. gxf5 g6 1/2-1/2

[Event "26th Chicago Open"]
[Site "Wheeling, IL"]
[Date "2017.05.29"]
[Round "8.12"]
[White "Mandizha, Farai"]
[Black "Shetty, Atulya"]
[Result "0-1"]
[WhiteElo "2342"]
[BlackElo "2422"]
[PlyCount "110"]
[EventDate "2017.05.??"]
[EventType "swiss"]
[EventRounds "9"]
[EventCountry "USA"]

1. e4 e6 2. d3 c5 3. g3 Nc6 4. Bg2 g6 5. Nf3 Bg7 6. h4 Nf6 7. O-O O-O 8. c3 d6
9. Re1 e5 10. a3 Bg4 11. b4 b5 12. Qb3 Rb8 13. Be3 Qe7 14. a4 Be6 15. Qd1 cxb4
16. axb5 Rxb5 17. d4 exd4 18. Nxd4 Nxd4 19. Bxd4 a5 20. Bf1 Rb7 21. Rxa5 b3 22.
Ra6 Qc7 23. e5 dxe5 24. Bxe5 Qd7 25. Rd6 Qe7 26. Ba6 Rd7 27. Bb5 Rdd8 28. Rd4
Rxd4 29. Bxd4 Qb7 30. Bf1 Rc8 31. Bg2 Bd5 32. Bh3 Re8 33. Rxe8+ Nxe8 34. Bxg7
Kxg7 35. Qd4+ Kg8 36. Bf1 Be4 37. Bd3 Bxd3 38. Qxd3 Nf6 39. c4 b2 40. c5 Qe4
41. Qxe4 Nxe4 42. c6 Kf8 43. c7 Nd6 44. Kf1 Ke7 45. Ke2 Kd7 46. Kd3 Kxc7 47.
Nd2 Kc6 48. Kc2 Kd5 49. Kxb2 Ne4 50. Kc2 Nxf2 51. Nf3 f6 52. Nh2 h5 53. Nf1 Ke4
54. Kd2 Kf3 55. Ke1 Ne4 0-1

[Event "26th Chicago Open"]
[Site "Wheeling, IL"]
[Date "2017.05.29"]
[Round "8.13"]
[White "Shmelov, Denys"]
[Black "He, Anthony"]
[Result "1/2-1/2"]
[WhiteElo "2415"]
[BlackElo "2307"]
[PlyCount "96"]
[EventDate "2017.05.??"]
[EventType "swiss"]
[EventRounds "9"]
[EventCountry "USA"]

1. d4 Nf6 2. c4 g6 3. Nc3 d5 4. cxd5 Nxd5 5. Bd2 Bg7 6. e4 Nb6 7. Be3 O-O 8. h3
Nc6 9. Nf3 f5 10. Qb3+ Kh8 11. exf5 Bxf5 12. d5 Ne5 13. Nxe5 Bxe5 14. Be2 Qe8
15. a4 c6 16. Bf3 cxd5 17. Bxb6 axb6 18. Bxd5 Bd4 19. O-O Rd8 20. Rad1 e5 21.
Bxb7 Be6 22. Qb4 Qf7 23. Bf3 Bxh3 24. Ne4 Bf5 25. Rde1 Bxe4 26. Rxe4 Rc8 27.
Rfe1 Rc2 28. R4e2 Rfc8 29. Qb5 Rxe2 30. Qxe2 Qb3 31. Qb5 Qxb2 32. Qxb2 Bxb2 33.
Be2 Rc2 34. Bb5 Bd4 35. Re2 Rc1+ 36. Kh2 Kg7 37. g3 Kf6 38. Kg2 Kg5 39. Ra2 Kf5
40. a5 bxa5 41. Rxa5 Ke4 42. Ra2 Kd5 43. Re2 Rc3 44. Ba4 Ke6 45. Bc2 Kf6 46.
Be4 h5 47. Rc2 Rxc2 48. Bxc2 g5 1/2-1/2

[Event "26th Chicago Open"]
[Site "Wheeling, IL"]
[Date "2017.05.29"]
[Round "8.14"]
[White "Niemann, Hans"]
[Black "Sarkar, Justin"]
[Result "0-1"]
[WhiteElo "2282"]
[BlackElo "2375"]
[PlyCount "42"]
[EventDate "2017.05.??"]
[EventType "swiss"]
[EventRounds "9"]
[EventCountry "USA"]

1. d4 Nf6 2. c4 e6 3. Nc3 Bb4 4. Bg5 c5 5. d5 b5 6. dxe6 fxe6 7. cxb5 O-O 8. e3
Qa5 9. Bxf6 Rxf6 10. Qc2 a6 11. bxa6 d5 12. Nf3 d4 13. a3 dxc3 14. Rb1 Qa4 15.
b3 Qxa3 16. Ng5 Rf5 17. h4 Bxa6 18. g4 Qa2 19. Rc1 Rxg5 20. hxg5 Qxc2 21. Rxc2
Bb7 0-1

[Event "26th Chicago Open"]
[Site "Wheeling, IL"]
[Date "2017.05.29"]
[Round "8.15"]
[White "Abdumalik, Zhansaya"]
[Black "Whaley, Davis"]
[Result "1-0"]
[WhiteElo "2420"]
[BlackElo "2185"]
[PlyCount "105"]
[EventDate "2017.05.??"]
[EventType "swiss"]
[EventRounds "9"]
[EventCountry "USA"]

1. e4 c5 2. Nf3 d6 3. d4 cxd4 4. Nxd4 Nf6 5. Nc3 a6 6. h3 e5 7. Nde2 h5 8. g3
Be7 9. Bg2 Be6 10. a4 Nbd7 11. O-O Rc8 12. b3 Qa5 13. Bd2 Qc7 14. Be3 Nb8 15.
f4 Bd7 16. a5 Bb5 17. Ra2 Nbd7 18. Nd5 Nxd5 19. exd5 Bxe2 20. Qxe2 Qc3 21. Rd1
Bf6 22. Bf2 Kf8 23. Rd3 Qc7 24. Rf3 h4 25. g4 exf4 26. Rxf4 Ne5 27. c4 Nd7 28.
b4 Be5 29. Re4 Nf6 30. Bb6 Qe7 31. Re3 Nd7 32. Qd3 Nxb6 33. axb6 Qg5 34. Rf2 g6
35. Ref3 f6 36. Rc2 Kg7 37. c5 dxc5 38. bxc5 Rhd8 39. Rf1 Bg3 40. Qf3 Be5 41.
Rd1 Bd6 42. Rdc1 Bf4 43. Re1 Re8 44. Rce2 Rxe2 45. Qxe2 Bg3 46. Rd1 Bf4 47. c6
Be3+ 48. Kh1 Bxb6 49. Qe7+ Kh6 50. Qxb7 Bc7 51. Qxc8 Qf4 52. Qxc7 Qxc7 53. d6
1-0

[Event "26th Chicago Open"]
[Site "Wheeling, IL"]
[Date "2017.05.29"]
[Round "8.16"]
[White "Peng, David"]
[Black "Troff, Kayden"]
[Result "1/2-1/2"]
[WhiteElo "2254"]
[BlackElo "2482"]
[PlyCount "59"]
[EventDate "2017.05.??"]
[EventType "swiss"]
[EventRounds "9"]
[EventCountry "USA"]

1. e4 c5 2. Nf3 d6 3. d4 cxd4 4. Nxd4 Nf6 5. Nc3 a6 6. g3 e6 7. Bg2 Be7 8. O-O
Qc7 9. a4 O-O 10. Be3 Nc6 11. Nxc6 bxc6 12. a5 Nd7 13. Na4 c5 14. e5 d5 15. c4
Bb7 16. cxd5 exd5 17. Bf4 Nxe5 18. Re1 Bd6 19. Nxc5 Qxc5 20. Bxe5 Bxe5 21. Rxe5
Rae8 22. Qe2 Rxe5 23. Qxe5 h6 24. Qc3 Qb5 25. Qd4 Re8 26. b4 Re6 27. Rc1 Qe8
28. h4 Re1+ 29. Rxe1 Qxe1+ 30. Kh2 1/2-1/2

[Event "26th Chicago Open"]
[Site "Wheeling, IL"]
[Date "2017.05.29"]
[Round "8.17"]
[White "Vibbert, Sean"]
[Black "Thavandiran, Shiyam"]
[Result "1-0"]
[WhiteElo "2316"]
[BlackElo "2363"]
[PlyCount "132"]
[EventDate "2017.05.??"]
[EventType "swiss"]
[EventRounds "9"]
[EventCountry "USA"]

1. c4 c5 2. Nf3 Nf6 3. g3 e6 4. Bg2 a6 5. O-O Qc7 6. Nc3 d6 7. e3 Be7 8. Qe2 b6
9. Rb1 Bb7 10. a3 Nbd7 11. d3 Rc8 12. e4 O-O 13. Ne1 Rb8 14. Nc2 Ba8 15. a4
Rfe8 16. Bf4 Ne5 17. b4 Rbd8 18. b5 a5 19. Rfe1 h6 20. Rbd1 Bf8 21. Bc1 g6 22.
f4 Ned7 23. Ne3 Bg7 24. Bb2 d5 25. cxd5 exd5 26. Ncxd5 Bxd5 27. exd5 Ng4 28.
Qxg4 Bxb2 29. Nc4 Bd4+ 30. Kf1 Rxe1+ 31. Rxe1 Nf6 32. Qe2 Bc3 33. d6 Rxd6 34.
Nxd6 Qxd6 35. Rc1 Qd4 36. Bf3 g5 37. fxg5 hxg5 38. Kg2 Qb4 39. Qc2 Be5 40. Rf1
Qd4 41. Re1 g4 42. Bc6 Bd6 43. Qf2 Qc3 44. Qe3 Bf8 45. Re2 Bg7 46. Rf2 Bf8 47.
Qf4 Be7 48. Be4 Qd4 49. h4 gxh3+ 50. Kxh3 Kf8 51. Qh6+ Kg8 52. Rf4 Qa1 53. Bc6
Qe5 54. Rh4 Qf5+ 55. Kg2 Qh7 56. Qxh7+ Nxh7 57. Rf4 Nf6 58. Kf3 Kg7 59. Rc4 Nh7
60. d4 Ng5+ 61. Kg4 Ne6 62. dxc5 Nxc5 63. Kf5 Bd6 64. g4 Nb3 65. Be4 Bb4 66.
Ke5 Kf8 1-0

[Event "26th Chicago Open"]
[Site "Wheeling, IL"]
[Date "2017.05.29"]
[Round "8.18"]
[White "Song, Edward"]
[Black "Shankar, Gauri"]
[Result "0-1"]
[WhiteElo "2302"]
[BlackElo "2354"]
[PlyCount "116"]
[EventDate "2017.05.??"]
[EventType "swiss"]
[EventRounds "9"]
[EventCountry "USA"]

1. e4 c6 2. d4 d5 3. e5 Bf5 4. Nf3 e6 5. Be2 Ne7 6. O-O Nd7 7. Nbd2 h6 8. a4 a6
9. a5 Qc7 10. c4 dxc4 11. Nxc4 Nd5 12. Be3 Be7 13. Bd3 Bxd3 14. Qxd3 O-O 15.
Nfd2 c5 16. Rac1 Nb4 17. Qe2 cxd4 18. Bxd4 Rad8 19. Ne4 Nc6 20. Bc3 Ndxe5 21.
Nxe5 Nxe5 22. f4 Nd3 23. Qg4 Bc5+ 24. Nxc5 Qxc5+ 25. Kh1 f6 26. Rc2 Qf5 27.
Qxf5 exf5 28. Rd2 Rfe8 29. g3 Kf7 30. Kg1 Nc5 31. Rfd1 Rxd2 32. Rxd2 Ne4 33.
Rd4 Nxc3 34. bxc3 Ke6 35. Kf2 Rc8 36. Rb4 Rc7 37. Ke2 Rd7 38. Ke3 Ke7 39. Ke2
Kd8 40. Ke3 Kc7 41. Rc4+ Kd6 42. Kd4 Re7 43. Kd3 Rc7 44. Rd4+ Ke6 45. Rb4 h5
46. h4 Re7 47. Rc4 Kd6 48. Rc8 Rc7 49. Rb8 Kc5 50. Rh8 Kb5 51. Rxh5 Kxa5 52.
Rxf5+ Ka4 53. h5 Kb3 54. h6 Rxc3+ 55. Kd4 Rxg3 56. hxg7 Rxg7 57. Rxf6 Rc7 58.
Rb6+ Kc2 0-1

[Event "26th Chicago Open"]
[Site "Wheeling, IL"]
[Date "2017.05.29"]
[Round "8.19"]
[White "Moon, Benjamin"]
[Black "Schmakel, Sam"]
[Result "1/2-1/2"]
[WhiteElo "2299"]
[BlackElo "2344"]
[PlyCount "100"]
[EventDate "2017.05.??"]
[EventType "swiss"]
[EventRounds "9"]
[EventCountry "USA"]

1. d4 Nf6 2. Bf4 d5 3. e3 c5 4. Nf3 Nc6 5. Nbd2 e6 6. c3 Bd6 7. Bg3 O-O 8. Bd3
b6 9. Ne5 Bb7 10. f4 Ne7 11. Qb1 g6 12. Bf2 a5 13. O-O Ba6 14. Bxa6 Rxa6 15.
Qd3 Ra8 16. Bh4 Kg7 17. Qb5 Ne8 18. a4 f6 19. Nd7 Rf7 20. dxc5 bxc5 21. Nxc5
Nc7 22. Nb7 Nxb5 23. Nxd8 Rxd8 24. axb5 Rb8 25. Nb3 Nf5 26. Bf2 Rxb5 27. Nxa5
Rxb2 28. g4 Nh6 29. h3 Rc2 30. Nc6 e5 31. fxe5 Bxe5 32. Nxe5 fxe5 33. Ra5 Rd7
34. Bh4 Nf7 35. Bf6+ Kh6 36. Rc5 Ng5 37. Bxg5+ Kxg5 38. Rf2 Rxf2 39. Kxf2 Kh4
40. e4 Kxh3 41. exd5 Kxg4 42. c4 Kf4 43. Rc6 g5 44. d6 Kf5 45. c5 Ke6 46. Ke3
g4 47. Rc8 Kd5 48. Rc7 Ke6 49. Rc8 Kd5 50. Rc7 Ke6 1/2-1/2

[Event "26th Chicago Open"]
[Site "Wheeling, IL"]
[Date "2017.05.29"]
[Round "8.20"]
[White "Blatny, Pavel"]
[Black "Feng, Maggie"]
[Result "1/2-1/2"]
[WhiteElo "2392"]
[BlackElo "2298"]
[PlyCount "113"]
[EventDate "2017.05.??"]
[EventType "swiss"]
[EventRounds "9"]
[EventCountry "USA"]

1. b3 e5 2. Bb2 Nc6 3. e3 Nf6 4. Ne2 d5 5. g3 h5 6. h3 Bf5 7. d3 Qd7 8. Bg2
O-O-O 9. Nd2 Kb8 10. a3 Bd6 11. b4 Rhe8 12. Nb3 Ne7 13. Qd2 Nc8 14. O-O-O Nb6
15. Kb1 Na4 16. Ba1 c5 17. bxc5 Nxc5 18. Nxc5 Bxc5 19. Bb2 Qe7 20. Qc1 Rc8 21.
Ka2 Bd6 22. Nc3 Rc5 23. d4 Rc6 24. g4 hxg4 25. hxg4 Bxg4 26. f3 Bf5 27. e4 dxe4
28. fxe4 Bg4 29. d5 Rxc3 30. Bxc3 Bxd1 31. Rxd1 Rc8 32. Bb2 Qc7 33. Kb1 Qb6 34.
Rd3 Qf2 35. Qd2 Qxd2 36. Rxd2 Rh8 37. Rd3 Rh4 38. Re3 Kc7 39. Rg3 Rg4 40. Rc3+
Kd8 41. Bh3 Rg1+ 42. Ka2 Nxe4 43. Rc4 Nf2 44. Bc8 b6 45. Ba6 Bc7 46. Rc3 e4 47.
Rc6 Rd1 48. Bxg7 Rxd5 49. Rf6 Be5 50. Rxf2 Bxg7 51. Rxf7 Rd7 52. Rxd7+ Kxd7 53.
Bb7 e3 54. Bf3 Kd6 55. Kb3 Kc5 56. a4 Bf8 57. Be2 1/2-1/2

[Event "26th Chicago Open"]
[Site "Wheeling, IL"]
[Date "2017.05.29"]
[Round "8.21"]
[White "Colas, Joshua"]
[Black "Lapan, Dan"]
[Result "1-0"]
[WhiteElo "2352"]
[BlackElo "2194"]
[PlyCount "118"]
[EventDate "2017.05.??"]
[EventType "swiss"]
[EventRounds "9"]
[EventCountry "USA"]

1. d4 d5 2. Nf3 b5 3. Bf4 e6 4. Nbd2 Nf6 5. e3 a6 6. c3 c5 7. a4 b4 8. cxb4
cxd4 9. Nxd4 Bxb4 10. Bd3 Bd6 11. Bg3 Bxg3 12. hxg3 e5 13. N4b3 Nc6 14. Rc1 Nb4
15. Be2 Bf5 16. Nf3 Qe7 17. O-O O-O 18. Nh4 Bg6 19. Nxg6 hxg6 20. Nd2 Rfd8 21.
Qb3 Rab8 22. Qa3 Kf8 23. Rfd1 Rdc8 24. a5 Nd7 25. Nb1 Nf6 26. Nc3 Rc5 27. b3
Nc6 28. Na4 Rxc1 29. Qxc1 Nxa5 30. Qc3 Nxb3 31. Rb1 Qb4 32. Qxb4+ Rxb4 33. Nc5
a5 34. Rxb3 Rxb3 35. Nxb3 a4 36. Na1 Ne4 37. Bd1 Nc3 38. Bc2 Ke7 39. Kf1 Kd6
40. Ke1 Kc5 41. Kd2 Kb4 42. f3 g5 43. g4 f6 44. Bd3 d4 45. exd4 exd4 46. Nc2+
Kc5 47. Bf5 Nd5 48. g3 Nb6 49. Kd3 Nc4 50. Nxd4 a3 51. Nc2 a2 52. Be6 Ne5+ 53.
Ke2 Nc4 54. f4 gxf4 55. gxf4 g5 56. Kd3 Na3 57. Bxa2 Nxc2 58. Kxc2 gxf4 59. Kd3
f3 1-0

[Event "26th Chicago Open"]
[Site "Wheeling, IL"]
[Date "2017.05.29"]
[Round "8.24"]
[White "Balleisen, Aaron"]
[Black "Aaron, Deepak"]
[Result "1/2-1/2"]
[WhiteElo "2217"]
[BlackElo "2320"]
[PlyCount "111"]
[EventDate "2017.05.??"]
[EventType "swiss"]
[EventRounds "9"]
[EventCountry "USA"]

1. d4 Nf6 2. c4 e6 3. Nc3 Bb4 4. e3 b6 5. Nge2 Bb7 6. a3 Be7 7. d5 O-O 8. Ng3
b5 9. e4 exd5 10. cxd5 b4 11. axb4 Bxb4 12. Bd3 c6 13. O-O Bxc3 14. bxc3 cxd5
15. e5 Ne4 16. Bxe4 dxe4 17. Qg4 Kh8 18. Nf5 g6 19. Bh6 f6 20. Bg7+ Kg8 21.
Bxf8 Qxf8 22. exf6 Qxf6 23. Nd4 h5 24. Qe2 Nc6 25. Qxe4 Rf8 26. Nxc6 Bxc6 27.
Qc4+ Kh7 28. Rxa7 Bxg2 29. Rxd7+ Kh6 30. Qd4 Bxf1 31. Qd2+ Qg5+ 32. Kxf1 Qxd2
33. Rxd2 Rc8 34. Rc2 Rc4 35. Ke2 Rh4 36. c4 Rxh2 37. c5 Rh4 38. Ke3 Ra4 39. c6
Ra8 40. c7 Rc8 41. Kf4 g5+ 42. Kf5 h4 43. Kg4 Kg7 44. Rc6 Kf8 45. Rc1 Ke8 46.
Kxg5 h3 47. f4 h2 48. Rh1 Rxc7 49. Rxh2 Rc6 50. f5 Kf7 51. Ra2 Rb6 52. Ra7+ Kf8
53. Ra5 Kf7 54. f6 Rb1 55. Ra7+ Kf8 56. Kg6 1/2-1/2

[Event "26th Chicago Open"]
[Site "Wheeling, IL"]
[Date "2017.05.29"]
[Round "8.25"]
[White "Gorti, Akshita"]
[Black "Santarius, Erik"]
[Result "0-1"]
[WhiteElo "2240"]
[BlackElo "2302"]
[PlyCount "166"]
[EventDate "2017.05.??"]
[EventType "swiss"]
[EventRounds "9"]
[EventCountry "USA"]

1. d4 d5 2. Bf4 Nf6 3. Nc3 c5 4. e3 cxd4 5. exd4 a6 6. Bd3 Nc6 7. Nge2 Nb4 8.
f3 g6 9. Nc1 Nxd3+ 10. Nxd3 Bg7 11. Qd2 h5 12. Ne5 Be6 13. O-O Bf5 14. Rac1 O-O
15. Rfe1 Rc8 16. h3 Qb6 17. g4 hxg4 18. hxg4 Be6 19. Na4 Qb5 20. Nc5 Rxc5 21.
dxc5 Qxc5+ 22. Be3 Qd6 23. Bd4 Nd7 24. f4 Nf6 25. g5 Ne4 26. Qh2 Bf5 27. c3 f6
28. gxf6 exf6 29. Nf3 Kf7 30. Nh4 Rh8 31. Re2 Qb8 32. c4 Bh6 33. Rf1 dxc4 34.
Nxf5 gxf5 35. Qh5+ Ke6 36. Rxe4+ fxe4 37. Qg4+ Kd6 38. Rd1 Rg8 39. Bxf6+ Kc6
40. Bg5 Qe8 41. Rd4 Bxg5 42. fxg5 Qe5 43. Rxe4 Rxg5 44. Rxe5 Rxg4+ 45. Kf2 Rd4
46. Ke2 b5 47. Rh5 Kb6 48. Rg5 Ka5 49. Rh5 Kb4 50. Rh3 a5 51. Rg3 Rd5 52. Rh3
Kc5 53. Rg3 b4 54. Rg8 Kb5 55. Rb8+ Ka4 56. Rc8 Rd4 57. Ke3 Rh4 58. Kd2 Rh2+
59. Kc1 Rh1+ 60. Kd2 Ra1 61. Rxc4 Rxa2 62. Kc2 Ra1 63. Rh4 Rg1 64. Rf4 Re1 65.
Rh4 Re2+ 66. Kb1 Rd2 67. Rg4 Kb3 68. Rg3+ Kc4 69. Kc1 Rd3 70. Rg5 Kb3 71. Rxa5
Rh3 72. Rb5 Rh1+ 73. Kd2 Rh2+ 74. Kc1 Rc2+ 75. Kb1 Rxb2+ 76. Kc1 Rc2+ 77. Kb1
Rh2 78. Kc1 Rh1+ 79. Kd2 Rb1 80. Rb8 Ka2 81. Kc2 b3+ 82. Kc3 Rc1+ 83. Kd2 Rc5
0-1

[Event "26th Chicago Open"]
[Site "Wheeling, IL"]
[Date "2017.05.29"]
[Round "8.26"]
[White "Homa, Seth"]
[Black "Daggupati, Balaji"]
[Result "1/2-1/2"]
[WhiteElo "2285"]
[BlackElo "2188"]
[PlyCount "65"]
[EventDate "2017.05.??"]
[EventType "swiss"]
[EventRounds "9"]
[EventCountry "USA"]

1. c4 e5 2. Nc3 Nf6 3. Nf3 Nc6 4. e3 Bb4 5. Qc2 a5 6. Nd5 d6 7. a3 Bc5 8. Bd3
Be6 9. Nxf6+ Qxf6 10. O-O g5 11. Be4 g4 12. Ne1 Rg8 13. g3 a4 14. f4 gxf3 15.
Rxf3 Qg7 16. Ng2 Ne7 17. d4 exd4 18. exd4 Qxd4+ 19. Be3 Qxc4 20. Qxc4 Bxc4 21.
Bxc5 dxc5 22. Rc1 Be6 23. Bxb7 Rb8 24. Be4 Rg5 25. Nf4 Bf5 26. Nd5 Bxe4 27.
Nf6+ Kf8 28. Nxe4 Rf5 29. Rxf5 Nxf5 30. Nxc5 Rxb2 31. Nxa4 Ra2 32. Rxc7 Rxa3
33. Rc8+ 1/2-1/2

[Event "26th Chicago Open"]
[Site "Wheeling, IL"]
[Date "2017.05.29"]
[Round "8.28"]
[White "Furfine, Jacob"]
[Black "Ishkanov, Tigran"]
[Result "1/2-1/2"]
[WhiteElo "2191"]
[BlackElo "2271"]
[PlyCount "106"]
[EventDate "2017.05.??"]
[EventType "swiss"]
[EventRounds "9"]
[EventCountry "USA"]

1. d4 d5 2. Nf3 Nf6 3. Bf4 e6 4. e3 c5 5. c3 Nc6 6. Nbd2 Bd6 7. Bg3 O-O 8. Bd3
b6 9. Qe2 Bb7 10. Rd1 Ne7 11. e4 c4 12. Bb1 dxe4 13. Ng5 b5 14. Ndxe4 Nxe4 15.
Nxe4 Bxe4 16. Qxe4 Ng6 17. O-O Bxg3 18. hxg3 Qd6 19. Rd2 Rfd8 20. Rfd1 Rac8 21.
g4 Rc7 22. g3 a5 23. Kg2 b4 24. d5 e5 25. Qf3 Nf8 26. g5 g6 27. Be4 Nd7 28. Rh1
f5 29. gxf6 Nxf6 30. Qe3 Rdd7 31. Bf3 Re7 32. Rh4 Kg7 33. Rd1 Rc5 34. Rdh1 Kg8
35. Be4 Nxe4 36. Qxe4 Qxd5 37. Qxd5+ Rxd5 38. Rxc4 Rd2 39. cxb4 e4 40. Rh4 e3
41. Rhe4 Rxf2+ 42. Kg1 Rd7 43. Rxe3 Rxb2 44. Rce4 Rd1+ 45. Re1 Rxe1+ 46. Rxe1
axb4 47. Ra1 Kg7 48. a4 b3 49. Ra3 Kh6 50. a5 Kg5 51. a6 Ra2 52. Rxb3 Rxa6 53.
Kg2 h5 1/2-1/2

[Event "26th Chicago Open"]
[Site "Wheeling, IL"]
[Date "2017.05.29"]
[Round "8.29"]
[White "Proleiko, Julian"]
[Black "Zhang, Yuanchen"]
[Result "1-0"]
[WhiteElo "2119"]
[BlackElo "2585"]
[PlyCount "98"]
[EventDate "2017.05.??"]
[EventType "swiss"]
[EventRounds "9"]
[EventCountry "USA"]

1. e4 e5 2. Nf3 Nc6 3. Bb5 a6 4. Ba4 Nf6 5. O-O Be7 6. Re1 b5 7. Bb3 d6 8. c3
O-O 9. h3 Na5 10. Bc2 c5 11. d4 Qc7 12. Nbd2 Nc6 13. d5 Nd8 14. Nf1 Ne8 15. Ng3
g6 16. a4 Rb8 17. axb5 axb5 18. b4 c4 19. Bh6 Ng7 20. Rf1 f6 21. Nh2 Nf7 22.
Be3 Bd7 23. f4 exf4 24. Bxf4 Ne5 25. Nf3 Ra8 26. Qe2 Qb7 27. Nd4 Rxa1 28. Rxa1
Ra8 29. Rf1 Ra2 30. Qd1 Bd8 31. Bc1 Qc8 32. Nf3 Bb6+ 33. Kh2 Nd3 34. Bxd3 cxd3
35. Qxd3 Bxh3 36. Nd2 Bd7 37. Rxf6 Qd8 38. e5 dxe5 39. Nde4 Ra1 40. Be3 Bxe3
41. Qxe3 Ne8 42. Qb6 Qe7 43. d6 Qg7 44. Rf1 Qh6+ 45. Kg1 Rxf1+ 46. Nxf1 Qf4 47.
Nc5 Qg4 48. Ne3 Qg5 49. Nxd7 Nxd6 1-0

[Event "26th Chicago Open"]
[Site "Wheeling, IL"]
[Date "2017.05.29"]
[Round "8.30"]
[White "Kelly, Joey"]
[Black "Posthuma, Joshua"]
[Result "1-0"]
[WhiteElo "2039"]
[BlackElo "2268"]
[PlyCount "81"]
[EventDate "2017.05.??"]
[EventType "swiss"]
[EventRounds "9"]
[EventCountry "USA"]

1. d4 Nf6 2. c4 c5 3. d5 b5 4. Qc2 Na6 5. a3 bxc4 6. e4 e6 7. Bxc4 exd5 8. exd5
Bd6 9. Nc3 O-O 10. Nge2 Nc7 11. Qd3 Ng4 12. f4 Qh4+ 13. g3 Qe7 14. h3 Nf6 15.
f5 Be5 16. O-O Qd6 17. Bg5 Ba6 18. b3 Nfxd5 19. Nxd5 Nxd5 20. Bxa6 Bxa1 21.
Rxa1 Rae8 22. Rd1 h6 23. Bf4 Qf6 24. Bc4 Nxf4 25. Nxf4 Re5 26. Ng6 Rfe8 27.
Nxe5 Qxe5 28. Kg2 Re7 29. Rd2 Qa1 30. Qd6 Qe1 31. Qd5 Kh7 32. Rf2 Re3 33. f6
Qc3 34. Qd6 gxf6 35. Bxf7 Kg7 36. Bc4 Kg6 37. Qf4 h5 38. Qf5+ Kg7 39. Qxd7+ Kh6
40. Qd6 Kg6 41. Qf4 1-0

[Event "26th Chicago Open"]
[Site "Wheeling, IL"]
[Date "2017.05.29"]
[Round "8.32"]
[White "Hong, Andrew"]
[Black "Wang, Jason"]
[Result "1-0"]
[WhiteElo "2383"]
[BlackElo "2016"]
[PlyCount "101"]
[EventDate "2017.05.??"]
[EventType "swiss"]
[EventRounds "9"]
[EventCountry "USA"]

1. e4 c5 2. Nf3 e6 3. d4 cxd4 4. Nxd4 a6 5. c4 Nf6 6. Nc3 Bb4 7. Qd3 Qc7 8. a3
Bxc3+ 9. Qxc3 O-O 10. Bd3 d6 11. O-O Nc6 12. Bg5 Nd7 13. Rac1 Nxd4 14. Qxd4 e5
15. Qc3 Nc5 16. Bb1 Be6 17. Rfd1 f6 18. Bd2 Rac8 19. Be1 Rfd8 20. Qe3 Bf7 21.
Bd3 Nb3 22. Rc3 Nd4 23. Qc1 Qe7 24. Bd2 Kh8 25. Be3 Ne6 26. b4 h5 27. Qd2 Qc7
28. Rdc1 Qd7 29. Bc2 Qc7 30. Bb3 b6 31. Rd3 b5 32. Rdc3 Qb7 33. cxb5 Rxc3 34.
Rxc3 axb5 35. Bd5 Qe7 36. Qd3 Rb8 37. h3 Kg8 38. Qc2 Nd8 39. Rc7 Qe8 40. Ba7
Bxd5 41. Bxb8 Bc4 42. Rxc4 bxc4 43. Qxc4+ Nf7 44. Bxd6 Qa4 45. Bc5 Qxa3 46. b5
Qa1+ 47. Kh2 Qb2 48. b6 h4 49. Be3 Kf8 50. Qc8+ Ke7 51. b7 1-0